| 000 | 00574nam a2200241Ia 4500 | ||
|---|---|---|---|
| 003 | IT-RoPAU | ||
| 005 | 20220918175658.0 | ||
| 008 | 120407s9999 xx 000 0 und d | ||
| 040 | _aIT-RoPAU | ||
| 040 | _cIT-RoPAU | ||
| 041 | _aita | ||
| 100 |
_aLello Gurrado _935259 |
||
| 245 | _aSe ho smesso io. Memorie e (consigli) di un fumatore pentito | ||
| 250 | _aCinisello Balsamo | ||
| 260 | _aEdizioni Paoline | ||
| 260 | _c1993 | ||
| 300 | _a121 p. | ||
| 300 | _c19,5 cm | ||
| 490 | _aOltre lo scacco, 20. | ||
| 490 | _v1 | ||
| 942 |
_cBK _2ddc |
||
| 999 |
_c24745 _d24745 |
||